LEADER 01451nam a2200445 i 4500 001 991001247239707536 005 20020507185936.0 008 930413s1989 de ||| | eng 020 $a3540514015 035 $ab10821065-39ule_inst 035 $aLE01309309$9ExL 040 $aDip.to Matematica$beng 084 $aAMS 31C25 084 $aAMS 43A05 084 $aAMS 43A85 084 $aAMS 46L50 084 $aAMS 60-06 084 $aAMS 60-XX 084 $aAMS 60B15 084 $aAMS 60G60 084 $aAMS 60J15 084 $aAMS 60J30 084 $aAMS 62H10 100 1 $aHeyer, Herbert$047694 245 10$aProbability measures on groups IX :$bproc. of conf. held in Oberwolfach, FRG, January 17-23, 1988 250 $aed. H. Heyer 260 $aBerlin :$bSpringer-Verlag,$c1989 300 $avii, 437 p. ;$c24 cm. 490 0 $aLecture notes in mathematics,$x0075-8434 ;$v1379 650 4$aFactorization 650 4$aFourier transforms 650 4$aProbability measures on groups 650 4$aProbability theory$xCongresses 650 4$aStochastic processes$xCongresses 907 $a.b10821065$b23-02-17$c28-06-02 912 $a991001247239707536 945 $aLE013 60-XX HEY15 (1989)$g1$i2013000040455$lle013$o-$pE0.00$q-$rl$s- $t0$u0$v0$w0$x0$y.i1092808x$z28-06-02 996 $aProbability measures on groups IX$9924344 997 $aUNISALENTO 998 $ale013$b01-01-93$cm$da $e-$feng$gde $h0$i1 LEADER 01962nam 2200433 450 001 9910793852303321 005 20230830210358.0 010 $a1-78264-284-6 035 $a(CKB)4100000009583357 035 $a(MiAaPQ)EBC5917585 035 $a(Au-PeEL)EBL5917585 035 $a(OCoLC)1122917500 035 $a(EXLCZ)994100000009583357 100 $a20230624d2019 uy 1 101 0 $aeng 135 $aurcnu|||||||| 181 $ctxt$2rdacontent 182 $cc$2rdamedia 183 $acr$2rdacarrier 200 13$aAn air that kills $ehow long can you hold your breath? /$fChristine Poulson 210 1$aOxford, England :$cLion Hudson Limited,$d[2019] 210 4$dİ2019 215 $a1 online resource (185 pages) 311 $a1-78264-283-8 327 $aIntro -- Title Page -- Copyright -- Dedication -- Contents -- Prologue -- Two Years Later -- Chapter 1 -- Chapter 2 -- Chapter 3 -- Chapter 4 -- Chapter 5 -- Chapter 6 -- Chapter 7 -- Chapter 8 -- Chapter 9 -- Chapter 10 -- Chapter 11 -- Chapter 12 -- Chapter 13 -- Chapter 14 -- Chapter 15 -- Chapter 16 -- Chapter 17 -- Chapter 18 -- Chapter 19 -- Chapter 20 -- Chapter 21 -- Chapter 22 -- Chapter 23 -- Chapter 24 -- Chapter 25 -- Chapter 26 -- Chapter 27 -- Chapter 28 -- Chapter 29 -- Chapter 30 -- Chapter 31 -- Chapter 32 -- Chapter 33 -- Chapter 34 -- Chapter 35 -- Chapter 36 -- Chapter 37 -- Chapter 38 -- Chapter 39 -- Chapter 40 -- Chapter 41 -- Chapter 42 -- Chapter 43 -- Chapter 44 -- Chapter 45 -- Chapter 46 -- Acknowledgments. 606 $aLaboratory technicians 606 $aTransgenic organisms 608 $aThrillers (Fiction)$2lcgft 615 0$aLaboratory technicians. 615 0$aTransgenic organisms. 676 $a823.92 700 $aPoulson$b Christine$01363075 801 0$bMiAaPQ 801 1$bMiAaPQ 801 2$bMiAaPQ 906 $aBOOK 912 $a9910793852303321 996 $aAn air that kills$93825920 997 $aUNINA